| 000 | 02604nam2a22003251 4500 | ||
|---|---|---|---|
| 001 | v19\rc\2099011 | ||
| 005 | 20260406112156.0 | ||
| 035 | _a(NLR Aleph) 005280445 | ||
| 090 |
_a6092779 _c6092779 |
||
| 100 | _a20090914d1816 m y0rusy50 ca | ||
| 101 | 1 |
_arus _cfre |
|
| 102 | _aRU | ||
| 140 | _ay y aa zzyaa0000 | ||
| 200 | 1 |
_aО внутреннем мире _eв четырех книгах, содержащих I. О превосходстве сего мира, II. О препятствиях оному, III. О средствах к приобретению онаго, IV. Практику пути сего. _fСочинение о. Амвросия Ломбеза. _gПеревод с французскаго |
|
| 215 | _a[6], V, [1] 3-300, [2] с. | ||
| 316 |
_aЭкз. РНБ (18.86.5.30(2)) в состав. картон. пер., оклеенном серо-синей мрамор. бумагой, с кожаными коричневыми корешком и уголками. Корешок гладкий с золотым тиснением, кожа сильно осыпалась, позолота частично утрачена. На корешке вытиснен суперэкслибрис ИПБ. Верхняя крышка пер. отходит от корешка. На нижней крышке пер. экслибрис с шифром РНБ. На форзаце ярлык с шифром РНБ. Правая часть форцаза оторвана. На с.[3], [5] штамп-экслибрис ИБ в венке с короной. На с.[3], 33 и 300 круглый штамп ГПБ. _5NLR: 18.86.5.30(2) |
||
| 461 | 0 |
_1001RU\NLR\BIBL_A\022716032 _12001#$aПутеводитель к совершенству жизни христианской$vЧ.2 _913545514 _cСанктпетербург _d1816 _nв Моской типографии _tПутеводитель к совершенству жизни христианской _vЧ.2 |
|
| 700 | 0 |
_6z02790 _aАмбруаз де Ломбез _f1708-1778 _4070 |
|
| 702 | 1 |
_4730 _4080 _8rus _7ca _aЛабзин _bА. Ф. _f1766-1825 _gАлександр Федорович _3RU\NLR\AUTH\77127147 _9110071 |
|
| 790 | 0 |
_6z01702 _aУ.М. |
|
| 790 | 1 |
_6z02700 _aЛомбез _bА. _gАмвросий |
|
| 801 | 0 |
_aRU _bNLR _c20090914 _gpsbo |
|
| 801 | 1 |
_aRU _bProSoft-M _c20090914 _2rusmarc |
|
| 801 | 2 |
_aRU _bNLR _c20100818 _2rusmarc |
|
| 852 |
_aNLR _j18.86.5.30(2) |
||
| 852 |
_aNLR _bРЗФ _j18 в. 5/109 (ч.2) |
||
| 852 |
_aNLR _bРЗФ _j18 в. 5/109а (ч.2) |
||
| 942 | _cBOOK | ||
| 980 | _aNB | ||